[Event "TUR Cup										"]
[Site "Antalya"]
[Date "2018.01.30"]
[Round "6"]
[White "Subasi, Cagrican"]
[Black "Donmez, Batuhan"]
[Result "1-0"]
[WhiteElo "1910"]
[BlackElo "1763"]
[PlyCount "99"]
[EventDate "2018.01.27"]
[EventType "swiss"]
[EventRounds "11"]
[EventCountry "TUR"]
[SourceTitle "CBM 182 Extra"]
[Source "ChessBase"]
[SourceDate "2018.02.23"]
[SourceVersion "1"]
[SourceVersionDate "2018.02.23"]
[SourceQuality "1"]

1. d4 d5 2. c4 e6 3. Nf3 Nf6 4. g3 c6 5. Bg2 Bb4+ 6. Bd2 Be7 7. Qc2 0-0 8. 0-0 Nbd7 9. Bf4 Nh5 10. Nbd2 Nxf4 11. gxf4 Bd6 12. Ng5 g6 13. e3 Qe7 14. Ngf3 b6 15. Rfd1 Bb7 16. Ne5 Rac8 17. Qa4 Nxe5 18. fxe5 Bb8 19. f4 g5 20. Nf3 g4 21. Ne1 f5 22. Qb3 h5 23. Rdc1 h4 24. Qc2 Kf7 25. a4 Rh8 26. Kf1 Rcg8 27. b3 h3 28. Bh1 g3 29. hxg3 Rxg3 30. Qf2 Rg4 31. Nf3 Qb4 32. Qd2 Qxb3 33. cxd5 cxd5 34. Rc3 Qb4 35. Rc7+ Bxc7 36. Qxb4 Bd8 37. Qd6 Be7 38. Qd7 Ba6+ 39. Ke1 Rhg8 40. Kd2 Rg3 41. Rc1 Bc4 42. Ng5+ R8xg5 43. fxg5 h2 44. Rxc4 dxc4 45. d5 c3+ 46. Kc2 Rxg5 47. Qxe6+ Kf8 48. d6 Bd8 49. Qc8 Ke8 50. Bc6+ 1-0

[Event "TUR-chT2"]
[Site "Konya"]
[Date "2017.07.15"]
[Round "9.9"]
[White "Sozen, Abdullah"]
[Black "Donmez, Batuhan"]
[Result "1/2-1/2"]
[WhiteElo "1647"]
[BlackElo "1750"]
[PlyCount "120"]
[EventDate "2017.07.09"]
[EventType "team-swiss"]
[EventRounds "9"]
[EventCountry "TUR"]
[SourceTitle "CBM 179 Extra"]
[Source "ChessBase"]
[SourceDate "2017.08.23"]
[SourceVersion "1"]
[SourceVersionDate "2017.08.23"]
[SourceQuality "1"]
[WhiteTeam "Anadolu Besiktasililar"]
[BlackTeam "Uludag Univ"]
[WhiteTeamCountry "TUR"]
[BlackTeamCountry "TUR"]

1. d4 d5 2. Nf3 Nf6 3. c3 e6 4. Bg5 c5 5. e3 Nbd7 6. Nbd2 Qc7 7. Bf4 Bd6 8. Bxd6 Qxd6 9. Bd3 0-0 10. Rc1 e5 11. dxe5 Nxe5 12. Bb1 b6 13. 0-0 Bb7 14. Nxe5 Qxe5 15. Nf3 Qh5 16. Re1 Rad8 17. Nd2 Qh4 18. Nf3 Qg4 19. Ne5 Qe6 20. f4 Nd7 21. Qc2 f5 22. Nf3 g6 23. Qf2 Rfe8 24. Bc2 a5 25. Rcd1 Kh8 26. Ba4 Re7 27. Bxd7 Rexd7 28. Ne5 Rd6 29. Qh4 Qf6 30. Qxf6+ Rxf6 31. Rd2 Kg7 32. Red1 Rfd6 33. Kf2 Kf6 34. h4 h6 35. g3 Re8 36. a3 Rxe5 37. fxe5+ Kxe5 38. Kf3 Ba6 39. Rc1 a4 40. g4 fxg4+ 41. Kxg4 Ke4 42. Re1 Rf6 43. Kg3 Bc4 44. Rf2 Re6 45. Rd1 Bb3 46. Rf4+ Ke5 47. Rg1 Bc2 48. Kf2 Be4 49. Rf8 Kd6 50. Ke2 h5 51. Kd2 Kc6 52. Rgf1 Bf5 53. Rf4 Kb5 54. Ra8 Be4 55. Rd8 Kc4 56. Rff8 Kb3 57. Kc1 Bf5 58. Rfe8 Rf6 59. Rf8 Re6 60. Rfe8 Rf6 1/2-1/2

[Event "TUR-chT"]
[Site "Konya"]
[Date "2011.07.09"]
[Round "13"]
[White "Donmez, Batuhan"]
[Black "Okus, Melih"]
[Result "0-1"]
[WhiteElo "1849"]
[BlackElo "1893"]
[PlyCount "66"]
[EventDate "2011.06.28"]
[EventType "team-swiss"]
[EventRounds "13"]
[EventCountry "TUR"]
[SourceTitle "CBM 143 Extra"]
[Source "ChessBase"]
[SourceDate "2011.08.29"]
[SourceVersion "1"]
[SourceVersionDate "2011.08.29"]
[SourceQuality "1"]
[WhiteTeam "Bursa Tophane"]
[BlackTeam "Celikkol Turizm Pamukkale"]
[WhiteTeamCountry "TUR"]
[BlackTeamCountry "TUR"]

1. d4 Nf6 2. c4 g6 3. Nc3 Bg7 4. e4 d6 5. Nf3 0-0 6. Be3 c6 7. Be2 Nbd7 8. 0-0 Qa5 9. Qc2 e5 10. d5 cxd5 11. cxd5 a6 12. a3 Qd8 13. Rac1 Ne8 14. Nd2 f5 15. f4 exf4 16. Bxf4 g5 17. Bg3 f4 18. Bf2 Ne5 19. Na4 Bg4 20. Nf3 Bxf3 21. gxf3 b5 22. Nc3 Rc8 23. Qd1 Nf6 24. h3 Qd7 25. Kh2 h5 26. Rg1 g4 27. hxg4 hxg4 28. fxg4 Rxc3 29. Rxc3 Nxe4 30. Bd4 Nxc3 31. Bxc3 f3 32. Bf1 Nxg4+ 33. Kg3 Qf5 0-1

[Event "TUR-chT"]
[Site "Konya"]
[Date "2011.07.04"]
[Round "8"]
[White "Emiroglu, Cankut"]
[Black "Donmez, Batuhan"]
[Result "1-0"]
[WhiteElo "2216"]
[BlackElo "1849"]
[PlyCount "49"]
[EventDate "2011.06.28"]
[EventType "team-swiss"]
[EventRounds "13"]
[EventCountry "TUR"]
[SourceTitle "CBM 143 Extra"]
[Source "ChessBase"]
[SourceDate "2011.08.29"]
[SourceVersion "1"]
[SourceVersionDate "2011.08.29"]
[SourceQuality "1"]
[WhiteTeam "Besiktas Jimnastik"]
[BlackTeam "Bursa Tophane"]
[WhiteTeamCountry "TUR"]
[BlackTeamCountry "TUR"]

1. e4 c5 2. Nf3 d6 3. d4 cxd4 4. Qxd4 Nc6 5. Bb5 Bd7 6. Bxc6 Bxc6 7. Nc3 Nf6 8. Bg5 e6 9. Qd3 Be7 10. Nd4 d5 11. e5 Nd7 12. Bxe7 Qxe7 13. f4 a6 14. Qe3 Qh4+ 15. g3 Qh5 16. Kd2 0-0 17. Rae1 Qh3 18. Kc1 g6 19. Nd1 Rae8 20. Nf2 Qh5 21. g4 Qh4 22. g5 h6 23. Reg1 hxg5 24. Rxg5 Qh7 25. Rhg1 1-0

[Event "Bursa op 06"]
[Site "Bursa"]
[Date "2011.06.25"]
[Round "4"]
[White "Basargan, Uguray"]
[Black "Donmez, Batuhan"]
[Result "1-0"]
[WhiteElo "1962"]
[BlackElo "1849"]
[PlyCount "113"]
[EventDate "2011.06.24"]
[EventType "swiss"]
[EventRounds "7"]
[EventCountry "TUR"]
[SourceTitle "EXT 2012"]
[Source "ChessBase"]
[SourceDate "2011.11.24"]
[SourceVersion "1"]
[SourceVersionDate "2011.11.24"]
[SourceQuality "1"]

1. d4 d5 2. c4 c6 3. Nf3 Nf6 4. Nc3 Bf5 5. cxd5 Nxd5 6. Qb3 Nxc3 7. bxc3 Qb6 8. e3 e6 9. Be2 Nd7 10. 0-0 Be7 11. Ba3 h6 12. Bxe7 Qxb3 13. axb3 Kxe7 14. b4 Rhc8 15. Ra3 a6 16. h3 Nf6 17. Ne5 Ne4 18. Rd1 Nd6 19. c4 f6 20. Nf3 Bg6 21. Rda1 Be8 22. Bd3 Rc7 23. Kf1 Rd8 24. Ke2 Nf7 25. Bg6 Nd6 26. Bd3 Nf7 27. c5 Rcd7 28. Bg6 Ng5 29. Nxg5 Bxg6 30. Nf3 Bh5 31. g4 Bf7 32. Rc3 Rd5 33. Rc2 Bg6 34. Rb2 e5 35. dxe5 fxe5 36. Nd2 Bd3+ 37. Ke1 Kf6 38. Nb3 Be4 39. Na5 R8d7 40. Nc4 Bf3 41. Rd2 Bg2 42. Rxd5 cxd5 43. Nd6 Bxh3 44. f3 h5 45. gxh5 Bf5 46. Rd1 Be6 47. Kf2 Bf7 48. Kg3 Bxh5 49. Rxd5 Ke6 50. Rd2 Rc7 51. Rh2 g6 52. Rd2 Rd7 53. Rh2 Rc7 54. f4 exf4+ 55. exf4 b6 56. f5+ Ke5 57. f6 1-0

[Event "TUR-chT"]
[Site "Konya"]
[Date "2010.07.08"]
[Round "13"]
[White "Donmez, Batuhan"]
[Black "Ataman, Alper Efe"]
[Result "1-0"]
[WhiteElo "1853"]
[BlackElo "2191"]
[PlyCount "89"]
[EventDate "2010.06.29"]
[EventType "team-tourn"]
[EventRounds "13"]
[EventCountry "TUR"]
[SourceTitle "CBM 137 Extra"]
[Source "ChessBase"]
[SourceDate "2010.09.01"]
[SourceVersion "1"]
[SourceVersionDate "2010.09.01"]
[SourceQuality "1"]

1. e4 e5 2. Nf3 Nc6 3. Bc4 Nf6 4. 0-0 Nxe4 5. d4 exd4 6. Re1 d5 7. Bb5 Be7 8. Nxd4 Bd7 9. Nb3 0-0 10. Qxd5 Nf6 11. Qd1 Bd6 12. Bg5 Re8 13. Be2 Qe7 14. Nc3 Qe5 15. f4 Qe3+ 16. Kh1 h6 17. Bh4 Rad8 18. Bf3 Qxf4 19. Bg3 Rxe1+ 20. Qxe1 Qf5 21. Bxd6 cxd6 22. Qd2 Re8 23. Rc1 Qe5 24. h3 Qg3 25. Rf1 Re6 26. Nd4 Nxd4 27. Qxd4 Re5 28. Qxd6 Bxh3 29. Ne4 Bxg2+ 30. Bxg2 Nxe4 31. Qb8+ Kh7 32. Bxe4+ f5 33. Bxf5+ Rxf5 34. Qxg3 Rxf1+ 35. Kg2 Rf6 36. Qd3+ Kh8 37. Kg3 b6 38. c4 a5 39. a3 g6 40. b4 axb4 41. axb4 h5 42. c5 bxc5 43. bxc5 Kg7 44. c6 g5 45. c7 1-0

[Event "TUR-chT"]
[Site "Konya"]
[Date "2010.07.06"]
[Round "10"]
[White "Ozen, Ali"]
[Black "Donmez, Batuhan"]
[Result "0-1"]
[WhiteElo "1683"]
[BlackElo "1853"]
[PlyCount "76"]
[EventDate "2010.06.29"]
[EventType "team-tourn"]
[EventRounds "13"]
[EventCountry "TUR"]
[SourceTitle "CBM 137 Extra"]
[Source "ChessBase"]
[SourceDate "2010.09.01"]
[SourceVersion "1"]
[SourceVersionDate "2010.09.01"]
[SourceQuality "1"]

1. e4 c5 2. Nf3 d6 3. d4 cxd4 4. Nxd4 Nf6 5. Nc3 a6 6. a4 e5 7. Nf3 Be6 8. Ng5 Qc7 9. Nxe6 fxe6 10. Be3 Nbd7 11. Be2 Nc5 12. Bf3 Be7 13. a5 Rc8 14. 0-0 0-0 15. g4 Qc6 16. g5 Ne8 17. Bg2 g6 18. h4 Ng7 19. Bf3 Qe8 20. Kg2 Qf7 21. Rh1 Nh5 22. Bxh5 gxh5 23. Rh3 Qg6 24. Bxc5 Rxc5 25. Qe2 Rf4 26. Ra4 Rxh4 27. Rg3 Rg4 28. Rxg4 hxg4 29. Rb4 Qh5 30. f3 g3 31. Kg1 Bxg5 32. Nd1 Rxa5 33. Rb3 Ra1 34. Rd3 Be3+ 35. Qxe3 Qh2+ 36. Kf1 g2+ 37. Ke2 g1Q+ 38. Qf2 Qhxf2+ 0-1